000 01573cam a22004574i 4500
003 PE-LiUPU
005 20250731173521.0
008 150616s r 000 0 d
020 _a0873030273
035 _a(Sirsi) i9780873030274
040 _aPE-LiUPU
_bspa
_cPE-LiUPU
_erda
049 _aPRUA
082 0 4 _a254.5
_bB23
_221
100 1 _aBartel, Floyd G.,
_eautor.
245 1 2 _aA New Look at Church Growth.
264 1 _aKansas :
_bFaith and Life Press,
_c1979.
300 _a143 páginas ;
_c21 centímetros
336 _atext
_2rdacontent
337 _aunmediated
_2rdamedia
338 _avolume
_2rdacarrier
505 0 _aThe King of Church that Grows.- The Growing Church Reaches out.- Encouraging Growth.- Discovering our Potential for Growth.- Planning Expctantly.- Gifts for Growth.- Training for Growth.
526 _aSEG42
526 _aSEG41
526 _aSEG40
526 _aSEG39
526 _aP94
526 _aP87
526 _aP86
526 _aP85
526 _aP77
526 _aP76
526 _aP35
650 0 4 _aCRECIMIENTO DE IGLESIA.
910 _ajck
_bjvq
_cjck
942 _2ddc
_cBOOK
949 _a254.5 B23
_wDEWEY
_c1
_i41873
_lCCODEBUL1
_mBUL
_r0
_sY
_tBOOK
_u2015-6-16
_xTEOLOGIA
_zUNKNOWN
_0COMPRA
_o.STAFF. Colección General
994 _aC0
_bPEPRU
596 _a1
999 _a254.5 B23
_wDEWEY
_c59635
_i41873
_f2021-11-10
_g5
_lCCODEBUL1
_mBUL
_r0
_sY
_tBOOK
_u2015-6-16
_xTEOLOGIA
_zUNKNOWN
_0COMPRA
_o.STAFF. Colección General
_d59635
980 _81
_gALBERTO SANCHEZ Responsable de Automatización